Loading...
| Fine Arts - Classical Music | 4 | 15.00 | 100% | 50% | 0% |
| Fine Arts - Other Fine Arts | 4 | 15.00 | 100% | 50% | 0% |
| Fine Arts - Visual Fine Arts | 6 | 13.33 | 100% | 17% | 17% |
| Geography/Current Events | 1 | 10.00 | 100% | 0% | 0% |
| History - American History | 2 | 10.00 | 100% | 0% | 0% |
| History - European History | 7 | 14.29 | 100% | 29% | 14% |
| History - Other History | 6 | 13.33 | 100% | 33% | 0% |
| History - World History | 7 | 17.14 | 100% | 71% | 0% |
| Literature - American Literature | 3 | 10.00 | 100% | 0% | 0% |
| Literature - British Literature | 3 | 10.00 | 67% | 33% | 0% |
| Literature - European Literature | 4 | 15.00 | 100% | 50% | 0% |
| Literature - World/Other Literature | 2 | 10.00 | 100% | 0% | 0% |
| Mythology | 6 | 16.67 | 100% | 67% | 0% |
| Other Academic | 1 | 20.00 | 100% | 100% | 0% |
| Philosophy | 5 | 10.00 | 60% | 40% | 0% |
| Pop Culture | 1 | 30.00 | 100% | 100% | 100% |
| Religion | 7 | 12.86 | 100% | 29% | 0% |
| Science - Biology | 4 | 10.00 | 75% | 25% | 0% |
| Science - Chemistry | 5 | 22.00 | 80% | 80% | 60% |
| Science - Other Science | 5 | 22.00 | 100% | 80% | 40% |
| Science - Physics | 2 | 25.00 | 100% | 100% | 50% |
| Social Science | 4 | 12.50 | 100% | 0% | 25% |
| World/Other Literature> | 1 | 20.00 | 100% | 100% | 0% |